000 00726nam a22002412 4500
001 0000005738
005 20151021151106.0
008 070716s xx 000 0 eng d
020 _a8127219665 :
_cKES 490
040 _aKABU
_cKABU
050 0 _aHF5635
_b.J35 2005
100 1 _aJain, S. P.
_@0000151880
245 1 0 _aAdvanced accountancy. volume III :
_bcontaining standards /
_cS. P. Jain, K. L. Narang.
250 _a2nd ed.
260 _aNew Delhi :
_bKalyani,
_c2005.
300 _a313 p.
362 0 _avolume III.
650 0 _aAccounting.
_@0000148321
700 1 _aNarang, K. L.
_@0000155196
908 _a070716
950 _@1
999 _c579
_d579